PUBLIC INTERNATIONAL LAW (Record no. 34122)

MARC details
000 -LEADER
fixed length control field 00298nam a22001457a 4500
003 - CONTROL NUMBER IDENTIFIER
control field SGT
020 ## - INTERNATIONAL STANDARD BOOK NUMBER
International Standard Book Number 9789389991581
082 ## - DEWEY DECIMAL CLASSIFICATION NUMBER
Classification number 341
Item number AHU
100 ## - MAIN ENTRY--PERSONAL NAME
Personal name AHUJA V K
245 ## - TITLE STATEMENT
Title PUBLIC INTERNATIONAL LAW
250 ## - EDITION STATEMENT
Edition statement 2
260 ## - PUBLICATION, DISTRIBUTION, ETC. (IMPRINT)
Place of publication, distribution, etc GURGAON
Name of publisher, distributor, etc LEXIS NEXIS
Year of Publication 2025
300 ## - PAGE DESCRIPTION
No. of Pages 434
942 ## - ADDED ENTRY ELEMENTS (KOHA)
Source of classification or shelving scheme Dewey Decimal Classification
Koha item type Books
Holdings
Withdrawn status Lost status Source of classification or shelving scheme Damaged status Not for loan Collection code Home library Current library Shelving location Date acquired Vendor Name Cost, normal purchase price SGTU Bill Number Full call number Accession No. (Barcode) Date last seen Bill Date Koha item type Total Checkouts
    Dewey Decimal Classification   Not For Loan LAW SGT Science & Social Sciences Library SGT Science & Social Sciences Library Reference Book 20/02/2026 ZAFFA BOOKS 795.00 SGTU ZBD0437 341 AHU FL4106 20/02/2026 12/02/2026 Books  
    Dewey Decimal Classification     LAW SGT Science & Social Sciences Library SGT Science & Social Sciences Library Text Book 20/02/2026 ZAFFA BOOKS 795.00 SGTU ZBD0437 341 AHU FL4107 20/02/2026 12/02/2026 Books  
    Dewey Decimal Classification     LAW SGT Science & Social Sciences Library SGT Science & Social Sciences Library Text Book 20/02/2026 ZAFFA BOOKS 795.00 SGTU ZBD0437 341 AHU FL4108 20/02/2026 12/02/2026 Books  
    Dewey Decimal Classification     LAW SGT Science & Social Sciences Library SGT Science & Social Sciences Library Text Book 20/02/2026 ZAFFA BOOKS 795.00 SGTU ZBD0437 341 AHU FL4109 20/02/2026 12/02/2026 Books  
    Dewey Decimal Classification     LAW SGT Science & Social Sciences Library SGT Science & Social Sciences Library Text Book 20/02/2026 ZAFFA BOOKS 795.00 SGTU ZBD0437 341 AHU FL4110 20/02/2026 12/02/2026 Books